000 00500nam a2200145Ia 4500
005 20260328104257.0
008 260328s9999||||xx |||||||||||||| ||und||
100 _aHurtado, Adriana
245 0 _aGestión de Grandes Proyectos Urbanos en Espacios metropolizados :
_b los Sistemas integrados de Transporte masivos en Colombia /
_cAdriana Hurtado
250 _a1a ed.
260 _bUniversidad Piloto de Colombia
300 _a314 p.
650 _aAEROPUERTOS Y TERMINALES DE TRANSPORTE
942 _cBK
999 _c10483
_d10483